000 00433nam a2200169 i 4500
001 80590
003 ES-MaACL
005 20260616130211.0
007 t|
008 041028s1921 mx ||||1| spa d
100 0 _aHomero
_964112
245 1 3 _aLa Odisea /
_cHomero.
260 _aMéxico :
_b[s.n.,
_c1921] (
_fTalleres Gráficos de la Nación)
300 _a452 p. ;
_c19 cm.
852 _aES-MaACL
_jG-7712
999 _c80590
_d80590